000 00613nam a22001697a 4500
005 20251108175704.0
008 250721s2018 xx 000 0 ara d
082 1 4 _a797.2/ياو
100 1 _aياور، فراس عجيل
245 1 0 _aأساليب تعليم السباحة الحرة -المفاضلة بين الأسلوبين التدريبي و المتسلل /
264 1 _aعمان :
_bمكتبة المجتمع العربي للنشر و التوزيع،
_c2018.
300 _a162ص0
650 1 7 _aالسباحه
650 1 7 _aالرياضة المائيه
942 _2ddc
_cBK
999 _c140054
_d140054